00874nam a2200241 a 4500001000900000005001700009008004100026041000800067044000700075050002700082100002500109245003900134260002500173300005700198500007500255500006300330500001100393651006600404902000800470942001100478999001700489952012600506BRL_125120190320211119.0051213s1963----mx-ae#####---#000-0#spa-# aspa amx 4aF1219.1.T27b.B47 19631 aBernal, Ignacio977810aTeotihuacáncpor Ignacio Bernal. aMéxicobINAHc1963 a53 p.bil., 8 láminas, 7 plegables, planosc27 cm. aTítulo de cubierta: Teotihuacán: descubrimientos, reconstrucciones aEstado físico: lomo despegado y un plano plegable suelto aAu1458 4aTeotihuacán Sitio (San Juan Teotihuacán, México)924316 aGRL 2lcccB c10063d10063 00104070aBRLbBRLd2013-12-05iAu1458l0oF1219.1.T27 .B47 1963 (Au1458)pGRL01369r2019-03-22 00:00:00w2019-03-22yB